[Event "Open A"]
[Site "?"]
[Date "2008.08.23"]
[Round "1.31"]
[White "Chromovsky, H."]
[Black "Voracek, Z."]
[Result "0-1"]
[WhiteElo "1804"]
[BlackElo "2059"]
[PlyCount "48"]
[EventDate "2008.08.23"]
[SourceDate "2008.08.23"]

1. c4 Nf6 2. Nc3 c5 3. Nf3 d5 4. cxd5 Nxd5 5. Qb3 e6 6. d3 Nc6 7. Nxd5 exd5 8.
g3 Be6 9. Bd2 Qd7 10. Ng5 Nd4 11. Qd1 Bg4 12. f3 Bf5 13. e4 h6 14. exf5 hxg5
15. g4 Bd6 16. Kf2 Bxh2 17. Kg2 Qd6 18. f4 Qh6 19. Qe1+ Kd7 20. Qg3 Bxg3 21.
Rxh6 gxf4 22. Rh3 Rxh3 23. Kxh3 Rh8+ 24. Kg2 Rh2+ 0-1

[Event "Open A"]
[Site "?"]
[Date "2008.08.23"]
[Round "1.65"]
[White "Franberk, J."]
[Black "Kyselka, D."]
[Result "1-0"]
[WhiteElo "2054"]
[BlackElo "1802"]
[Annotator ",Jaroslav"]
[PlyCount "29"]
[EventDate "2008.08.23"]
[SourceDate "2008.08.23"]

1. e4 c5 2. Nf3 d6 3. d4 cxd4 4. Nxd4 Nf6 5. Nc3 a6 6. Be2 e6 7. O-O Be7 8. f4
Qc7 9. a4 O-O 10. Kh1 Nc6 11. Be3 Bd7 12. Nb3 b6 13. g4 Bc8 14. Bf3 Bb7 15. Qe2
{Dale necitelne!} 1-0

[Event "Open A"]
[Site "?"]
[Date "2008.08.23"]
[Round "1.33"]
[White "Pospisil"]
[Black "Vavrinec"]
[Result "0-1"]
[WhiteElo "1758"]
[BlackElo "2051"]
[PlyCount "110"]
[EventDate "2008.08.22"]
[SourceDate "2008.08.23"]

1. d4 e6 2. Nf3 Nf6 3. Bf4 b6 4. c3 Bb7 5. Nbd2 Be7 6. e3 d6 7. Qb1 c5 8. Bd3
Nc6 9. e4 cxd4 10. Nxd4 h6 11. Bb5 Qc7 12. O-O O-O 13. Bxc6 Bxc6 14. Nxc6 Qxc6
15. Qd3 b5 16. f3 Rfd8 17. Rfd1 Rac8 18. Rac1 a5 19. Nb3 d5 20. e5 Nd7 21. Nd4
Qc4 22. Qxc4 bxc4 23. b3 Nc5 24. bxc4 dxc4 25. Rb1 Nd3 26. Bg3 Bc5 27. Bf2 Nxe5
28. Nc2 Bxf2+ 29. Kxf2 Rxd1 30. Rxd1 Nd3+ 31. Ke2 Rb8 32. Ne3 Nf4+ 33. Ke1 Rb2
34. Rd2 Rb1+ 35. Rd1 Nd3+ 36. Ke2 Rb2+ 37. Rd2 Rxa2 38. Rxa2 Nc1+ 39. Kd2 Nxa2
40. Kc2 Kh7 41. Kb2 Nxc3 42. Kxc3 Kg6 43. Nxc4 a4 44. Kb4 Kf5 45. Kxa4 Kf4 46.
Kb3 h5 47. Kc3 h4 48. Kd3 h3 49. gxh3 Kxf3 50. Ne3 f5 51. Kd4 f4 52. Ng4 Kg2
53. Ke4 f3 54. Ke3 e5 55. Nxe5 f2 0-1

[Event "?"]
[Site "?"]
[Date "2008.08.23"]
[Round "1.34"]
[White "Lizner, M."]
[Black "Skokan"]
[Result "1/2-1/2"]
[WhiteElo "2050"]
[BlackElo "1747"]
[PlyCount "33"]
[EventDate "2008.08.23"]
[SourceDate "2008.08.23"]

1. e4 c5 2. Nf3 Nc6 3. c3 e5 4. d4 exd4 5. cxd4 cxd4 6. Nxd4 Bb4+ 7. Nc3 Nf6 8.
f3 O-O 9. Be2 d5 10. Nxc6 bxc6 11. Bd2 dxe4 12. fxe4 Qd4 13. Bf3 Bc5 14. Qe2 a5
15. O-O-O Ba6 16. Qe1 Rfd8 17. Qg3 1/2-1/2

[Event "OPEN A"]
[Site "?"]
[Date "2008.08.23"]
[Round "1.35"]
[White "Vitous, M."]
[Black "Stepanek, S."]
[Result "1-0"]
[WhiteElo "1910"]
[BlackElo "2044"]
[PlyCount "89"]
[EventDate "2008.08.23"]
[SourceDate "2008.08.23"]

1. d4 d5 2. c4 Nf6 3. Nf3 e6 4. Bg5 Be7 5. Nc3 O-O 6. e3 Nbd7 7. Rc1 h6 8. Bh4
c5 9. cxd5 exd5 10. Bd3 cxd4 11. Nxd4 a6 12. O-O b5 13. Nc6 Qe8 14. Nxe7+ Qxe7
15. Nxd5 Qe5 16. Nxf6+ Nxf6 17. Qf3 Be6 18. Bxf6 gxf6 19. b3 Qg5 20. Qg3 Kh8
21. f4 Qh5 22. f5 Rg8 23. Qf3 Qxf3 24. Rxf3 Rac8 25. Rff1 Bd5 26. e4 Bb7 27.
Kf2 Rcd8 28. Rfd1 Rd7 29. Bb1 Rgd8 30. Rxd7 Rxd7 31. Ke3 Kg8 32. Bd3 Kf8 33. a4
bxa4 34. bxa4 Ke7 35. Rb1 Bc6 36. a5 Rb7 37. Rb6 Rxb6 38. axb6 Bb7 39. Bc4 a5
40. Bb5 Kd6 41. Kd4 Bc6 42. Bc4 Be8 43. Bd5 Bb5 44. g3 a4 45. Kc3 1-0

[Event "Open A"]
[Site "?"]
[Date "2008.08.23"]
[Round "1.36"]
[White "Musil, v"]
[Black "Vorackova, J."]
[Result "0-1"]
[WhiteElo "2039"]
[BlackElo "1905"]
[PlyCount "68"]
[EventDate "2008.08.23"]
[SourceDate "2008.08.23"]

1. e4 c6 2. d4 d5 3. exd5 cxd5 4. c3 Nc6 5. Nf3 Bg4 6. Qb3 Qd7 7. Be2 Bxf3 8.
Bxf3 e6 9. Bf4 Nf6 10. O-O Be7 11. Nd2 O-O 12. Rfe1 Na5 13. Qd1 b5 14. a4 a6
15. b4 Nb7 16. Nb3 Nd6 17. Nc5 Qc6 18. Bxd6 Bxd6 19. axb5 axb5 20. Qd3 h6 21.
g3 Rxa1 22. Rxa1 Ra8 23. Rxa8+ Qxa8 24. Kg2 Qa3 25. Bd1 e5 26. Nb3 Qb2 27. Qc2
Qa3 28. dxe5 Bxe5 29. f4 Bc7 30. Nd4 Bb6 31. Nxb5 Qa6 32. Be2 Qa1 33. Bd1 Ne4
34. Qa4 Qb2+ 0-1

[Event "Open A"]
[Site "?"]
[Date "2008.08.23"]
[Round "1.37"]
[White "Urban, M."]
[Black "Fikr, L."]
[Result "0-1"]
[WhiteElo "1875"]
[BlackElo "2037"]
[PlyCount "64"]
[EventDate "2008.08.22"]
[SourceDate "2008.08.23"]

1. e4 c5 2. Nf3 d6 3. d4 cxd4 4. Nxd4 a6 5. Bc4 e6 6. O-O Nf6 7. Nc3 Be7 8. Bb3
O-O 9. f4 Nc6 10. Be3 Qc7 11. Qf3 Rb8 12. g4 Nxd4 13. Bxd4 e5 14. g5 exd4 15.
gxf6 dxc3 16. fxe7 Qxe7 17. bxc3 Be6 18. Rae1 f6 19. Rf2 Rbe8 20. Rg2 Rf7 21.
Qh5 Qc7 22. Kh1 Bxb3 23. cxb3 Qxc3 24. Reg1 Rxe4 25. Rxg7+ Rxg7 26. Qd5+ Kh8
27. Qxe4 Qc6 28. Qxc6 Rxg1+ 29. Kxg1 bxc6 30. Kf2 f5 31. Ke3 Kg7 32. Kd4 Kf6
0-1

[Event "Open A"]
[Site "?"]
[Date "2008.08.23"]
[Round "1.38"]
[White "Boucek, V."]
[Black "Zima, T."]
[Result "1-0"]
[WhiteElo "2017"]
[BlackElo "1822"]
[Annotator "Øeøábek,Jaroslav"]
[PlyCount "67"]
[EventDate "2008.08.22"]
[SourceDate "2008.08.23"]

1. e4 c6 2. f4 d5 3. e5 d4 4. h3 Be6 5. Nf3 f6 6. Qe2 Bf5 7. d3 h5 8. Nh4 Qd7
9. g4 Bh7 10. e6 Qd6 11. Na3 Na6 12. Nc4 Qc7 13. g5 g6 14. Rg1 O-O-O 15. f5
fxg5 16. Nxg6 Bxg6 17. fxg6 g4 18. Ne5 Bg7 19. Nf7 Rd5 20. Bd2 Nf6 21. O-O-O
Rg8 22. Bg2 Rc5 23. Rdf1 Nd5 24. Bxd5 cxd5 25. Bf4 Qb6 26. Kb1 Rc3 27. Bd2 Nb4
28. a3 Na6 29. Kc1 Kb8 30. Bxc3 dxc3 31. b3 Qa5 32. Qh2+ Ka8 33. Kd1 Qxa3 34.
Ke2 {dale necitelne...} 1-0

[Event "Open A"]
[Site "?"]
[Date "2008.08.23"]
[Round "1.39"]
[White "Zvara, D."]
[Black "Tejkal, J."]
[Result "1/2-1/2"]
[WhiteElo "1802"]
[BlackElo "2015"]
[PlyCount "69"]
[EventDate "2008.08.23"]
[SourceDate "2008.08.23"]

1. e4 c5 2. Nf3 Nc6 3. Bb5 g6 4. Bxc6 dxc6 5. O-O Bg7 6. e5 Bg4 7. Re1 Qc7 8.
Qe2 Nh6 9. d3 Bxf3 10. Qxf3 Nf5 11. Bf4 Nd4 12. Qd1 Rd8 13. c3 Ne6 14. Bg3 Rd5
15. f4 Qd7 16. Re3 c4 17. Na3 Rxd3 18. Rxd3 cxd3 19. Qf3 O-O 20. Rd1 Rd8 21.
Bf2 b6 22. b3 f6 23. Qe3 fxe5 24. fxe5 Qd5 25. Nc4 b5 26. Na5 c5 27. c4 bxc4
28. bxc4 Qd7 29. Nb3 Qa4 30. Rxd3 Rxd3 31. Qxd3 Qxa2 32. Nxc5 Qa1+ 33. Qf1 Nc7
34. Nd7 Kf7 35. Bxa7+ 1/2-1/2

[Event "Open A"]
[Site "?"]
[Date "2008.08.23"]
[Round "1.40"]
[White "Matejovsky, O."]
[Black "Hlina, M."]
[Result "1-0"]
[WhiteElo "2014"]
[BlackElo "1783"]
[PlyCount "61"]
[EventDate "2008.08.23"]
[SourceDate "2008.08.23"]

1. d4 d5 2. Nf3 Bf5 3. Bf4 e6 4. e3 Bd6 5. Bg3 Nf6 6. Nbd2 O-O 7. Ne5 Bxe5 8.
Bxe5 Nbd7 9. Bf4 c5 10. Bd6 Re8 11. dxc5 Qa5 12. a3 Qa4 13. b3 Qh4 14. Nf3 Qg4
15. h3 Qh5 16. Be2 Ne4 17. Ne5 Qh4 18. g3 Nxg3 19. Nf3 Qf6 20. fxg3 Qc3+ 21.
Kf2 Nxc5 22. Bxc5 Qxc5 23. Bd3 Be4 24. Re1 Rad8 25. Qe2 Rc8 26. b4 Qc3 27. Rad1
g6 28. Nd4 a6 29. Qd2 Bxd3 30. Qxd3 Qxd3 31. cxd3 1-0

[Event "Open A"]
[Site "?"]
[Date "2008.08.23"]
[Round "1.41"]
[White "Zdenek, P."]
[Black "Hadrava, J."]
[Result "1-0"]
[WhiteElo "1775"]
[BlackElo "2011"]
[Annotator "Øeøábek,Jaroslav"]
[PlyCount "67"]
[EventDate "2008.08.22"]
[SourceDate "2008.08.23"]

1. d4 d5 2. c4 Nc6 3. Nf3 e5 4. cxd5 Qxd5 5. Nc3 Bb4 6. Bd2 Bxc3 7. Bxc3 e4 8.
Ne5 Nxe5 9. dxe5 Be6 10. Qxd5 Bxd5 11. e3 Ne7 12. Be2 O-O 13. O-O Rfe8 14. f4
exf3 15. gxf3 Ng6 16. f4 Rad8 17. Bd4 a6 18. a3 Be4 19. Rac1 c6 20. b4 Ne7 21.
Bc4 b5 22. Bb3 Nf5 23. Rfd1 Nxd4 24. exd4 Re7 25. Bc2 Bd5 26. Kf2 Re6 27. Rd2
h6 28. Kg3 f6 29. Re1 Kf7 30. Be4 fxe5 31. dxe5 Ke7 32. f5 Bxe4 33. Rxd8 Kxd8
34. Rxe4 {dale necitelne} 1-0

[Event "Open A"]
[Site "?"]
[Date "2008.08.23"]
[Round "1.42"]
[White "Koper, S."]
[Black "Hajek, J."]
[Result "1-0"]
[WhiteElo "2007"]
[BlackElo "1713"]
[PlyCount "87"]
[EventDate "2008.08.23"]
[SourceDate "2008.08.23"]

1. d4 g6 2. c4 Bg7 3. Nc3 Nf6 4. e4 d6 5. Nge2 O-O 6. Ng3 e5 7. d5 Nbd7 8. Be2
a5 9. O-O h5 10. Bg5 Kh7 11. a3 Bh6 12. Bxh6 Kxh6 13. b4 h4 14. Nh1 b6 15. Qd2+
Kg7 16. h3 Rh8 17. Rfc1 Nh5 18. Bg4 Nf4 19. Bxd7 Bxd7 20. Ne2 Nxe2+ 21. Qxe2
Qg5 22. Qe3 Qxe3 23. fxe3 Ra7 24. Nf2 Rha8 25. bxa5 Rxa5 26. Rc3 Ra4 27. Nd3
Kf6 28. Ne1 Rb4 29. Nf3 g5 30. Nxh4 Rba4 31. Nf3 Kg6 32. g4 f6 33. Kf2 Rh8 34.
Kg3 Rh7 35. Rh1 Ra8 36. h4 Rh6 37. h5+ Kg7 38. Nd2 Rhh8 39. Kf3 Kh6 40. Rb1
Rhb8 41. Rb2 Kg7 42. Nf1 Ra4 43. Ng3 Rba8 44. Ra2 1-0

[Event "Open A"]
[Site "?"]
[Date "2008.08.23"]
[Round "1.43"]
[White "Sedivy, O."]
[Black "Dvorak, M."]
[Result "0-1"]
[WhiteElo "1638"]
[BlackElo "2001"]
[PlyCount "72"]
[EventDate "2008.08.22"]
[SourceDate "2008.08.23"]

1. c4 e6 2. Nc3 d5 3. cxd5 exd5 4. d4 c6 5. Nf3 Nf6 6. Bg5 Be7 7. e3 Bf5 8. Bd3
Bxd3 9. Qxd3 Nbd7 10. O-O O-O 11. a3 a5 12. Rfc1 h6 13. Bxf6 Nxf6 14. Na4 Ne4
15. Nd2 f5 16. Nb3 f4 17. f3 Ng5 18. Nac5 Qc8 19. Re1 Bd6 20. e4 a4 21. Nd2 b6
22. e5 Be7 23. h4 Nh7 24. Nxa4 Rxa4 25. Qb3 Rxd4 26. Ne4 Qd8 27. Nf2 Bc5 28.
Qc2 Qxh4 29. e6 Rc4 30. Qe2 Be3 31. Kf1 Qh2 32. Qd3 Rd4 33. Qg6 Nf6 34. Rad1
Rxd1 35. Nxd1 Bc5 36. e7 Re8 0-1

[Event "Open A"]
[Site "?"]
[Date "2008.08.23"]
[Round "1.44"]
[White "Pataradis"]
[Black "Havlicek"]
[Result "1-0"]
[WhiteElo "2000"]
[BlackElo "1601"]
[PlyCount "77"]
[EventDate "2008.08.22"]
[SourceDate "2008.08.23"]

1. e4 e5 2. Nf3 Nc6 3. Bc4 Nf6 4. Nc3 Bc5 5. d3 h6 6. O-O d6 7. h3 O-O 8. a3 a6
9. Nd5 Be6 10. c3 Nxd5 11. exd5 Bxh3 12. gxh3 Ne7 13. d4 Bb6 14. dxe5 Nf5 15.
Bf4 g5 16. Qd3 Qd7 17. e6 fxe6 18. dxe6 Qe7 19. Bh2 Ng7 20. Nd4 Rf6 21. Rae1
Raf8 22. Re2 Nh5 23. Re4 Bxd4 24. cxd4 Rf3 25. Re3 R3f5 26. d5 Qf6 27. Qc3 Qe7
28. Qd2 Nf6 29. Qd1 Qg7 30. Kh1 b5 31. Ba2 Ne8 32. Qd2 Qf6 33. Kg1 Ng7 34. Bb1
Rf3 35. Qd3 Rf5 36. Qc3 Qxc3 37. Rxc3 Rxd5 38. e7 Rc8 39. Ba2 1-0

[Event "OPEN B"]
[Site "?"]
[Date "2008.08.23"]
[Round "1.1"]
[White "Hatas, O."]
[Black "Kalvach"]
[Result "0-1"]
[WhiteElo "1437"]
[BlackElo "1881"]
[PlyCount "52"]
[EventDate "2008.08.23"]
[SourceDate "2008.08.23"]

1. e4 d6 2. d4 Nf6 3. Nc3 c6 4. f4 Qa5 5. Bd2 e5 6. fxe5 dxe5 7. Nf3 exd4 8.
Nxd4 Qb6 9. Nb3 Bb4 10. Na4 Bxd2+ 11. Qxd2 Qc7 12. Qb4 Qf4 13. Nc3 Qe3+ 14. Be2
Bg4 15. Rf1 Nbd7 16. h3 Bxe2 17. Nxe2 c5 18. Qxb7 O-O 19. Rf3 Qg5 20. Rg3 Qh4
21. O-O-O Nxe4 22. Rg4 Qh6+ 23. Rf4 Ndf6 24. Kb1 Rfe8 25. a3 a5 26. Rff1 a4 0-1

[Event "OPEN B"]
[Site "?"]
[Date "2008.08.23"]
[Round "1.2"]
[White "Silhanek, J."]
[Black "Krizek, F."]
[Result "1-0"]
[WhiteElo "1763"]
[BlackElo "1432"]
[PlyCount "83"]
[EventDate "2008.08.23"]
[SourceDate "2008.08.23"]

1. c4 e6 2. Nc3 Nc6 3. g3 Nf6 4. Bg2 Be7 5. e3 Ne5 6. d3 c6 7. Nge2 d5 8. cxd5
cxd5 9. O-O O-O 10. d4 Ng6 11. Qb3 Qb6 12. Qxb6 axb6 13. Bd2 Bd7 14. a3 Rfc8
15. h3 h5 16. Rfc1 Bd6 17. f3 e5 18. g4 hxg4 19. hxg4 Re8 20. g5 Nh7 21. Nxd5
exd4 22. Nxd4 Nxg5 23. Nxb6 Rad8 24. Nxd7 Rxd7 25. Kf2 Nh4 26. Rh1 Nxg2 27.
Kxg2 Bc5 28. Kf2 Bxd4 29. exd4 Rxd4 30. Bxg5 f6 31. Be3 Rd5 32. Rhd1 Rh5 33.
Rh1 Rf5 34. Rac1 Rfe5 35. Rc3 Rf5 36. Rhc1 Rb5 37. b4 Ree5 38. Bc5 b6 39. a4
bxc5 40. axb5 cxb4 41. Rc8+ Kf7 42. Rb8 1-0

[Event "OPEN B"]
[Site "?"]
[Date "2008.08.23"]
[Round "1.3"]
[White "Vinecky, J."]
[Black "Rubes, Z."]
[Result "0-1"]
[WhiteElo "1427"]
[BlackElo "1757"]
[PlyCount "128"]
[EventDate "2008.08.23"]
[SourceDate "2008.08.23"]

1. e4 c6 2. d4 d5 3. e5 Bf5 4. Bd3 Bxd3 5. Qxd3 e6 6. Nf3 Qa5+ 7. Nbd2 Qa6 8.
c4 c5 9. O-O Nc6 10. b3 cxd4 11. Nxd4 Bc5 12. Nxc6 bxc6 13. Qg3 Kf8 14. Nf3 Ne7
15. Nh4 Bd4 16. Rb1 Qxa2 17. Be3 Bb6 18. c5 Bc7 19. b4 Qc4 20. Bg5 Ng6 21.
Nxg6+ hxg6 22. Bf4 Rh5 23. Rfc1 Qb5 24. Qe3 Rb8 25. Qd4 a5 26. g4 Rh4 27. Bg3
Rh8 28. Kg2 axb4 29. h3 Ke7 30. Rb2 Rb7 31. Rcb1 Rhb8 32. Qe3 Qc4 33. f4 d4 34.
Qc1 Qd5+ 35. Kh2 Rb5 36. Qd1 Qxc5 37. Bf2 Rd8 38. Rc1 Qd5 39. Qd3 Rc5 40. Rxc5
Qxc5 41. Rc2 Qd5 42. Rc4 c5 43. Qc2 Bb6 44. Bh4+ f6 45. exf6+ gxf6 46. Qxg6 Kd6
47. Bxf6 Ra8 48. Be5+ Kc6 49. Rc2 d3 50. Rd2 c4 51. Kg3 Be3 52. Rb2 d2 53. Qf7
d1=Q 54. Qc7+ Kb5 55. Kh4 Qe1+ 56. Kh5 Rh8+ 57. Kg6 Qe4+ 58. Kf6 Rh6+ 59. Kf7
Rh7+ 60. Bg7 Bxf4 61. Qd7+ Qc6 62. Qxc6+ Kxc6 63. Ra2 Qe4 64. Ra6+ Kb7 0-1

[Event "OPEN B"]
[Site "?"]
[Date "2008.08.23"]
[Round "1.4"]
[White "Pospisil, P."]
[Black "Mala, A."]
[Result "1-0"]
[WhiteElo "1717"]
[BlackElo "1423"]
[PlyCount "67"]
[EventDate "2008.08.23"]
[SourceDate "2008.08.23"]

1. d4 g6 2. c4 d6 3. Nc3 Bg7 4. e4 e5 5. d5 Nd7 6. b4 b6 7. Be3 Ne7 8. Bd3 O-O
9. Nf3 f5 10. Bg5 Nf6 11. Qd2 f4 12. Bxf6 Rxf6 13. h3 a6 14. Qc2 Bd7 15. Rc1 a5
16. a3 axb4 17. axb4 Qe8 18. Nb5 Bxb5 19. cxb5 Rc8 20. Ng5 Bh6 21. h4 Bxg5 22.
hxg5 Rf7 23. Ra1 Kg7 24. Ra7 Qd8 25. Be2 Ng8 26. Bg4 Ra8 27. Rxa8 Qxa8 28. O-O
Qd8 29. Be6 Re7 30. Qc3 Qe8 31. Ra1 Qb8 32. Qc6 Qe8 33. Ra8 Qxc6 34. Rxg8# 1-0

[Event "OPEN B"]
[Site "?"]
[Date "2008.08.23"]
[Round "1.5"]
[White "Kutil, P."]
[Black "Brhlik, A."]
[Result "1/2-1/2"]
[WhiteElo "1409"]
[BlackElo "1682"]
[PlyCount "100"]
[EventDate "2008.08.23"]
[SourceDate "2008.08.23"]

1. e4 e5 2. Nf3 Nc6 3. Nc3 Nf6 4. Bb5 Bb4 5. O-O O-O 6. Bxc6 dxc6 7. a3 Bxc3 8.
dxc3 Qxd1 9. Rxd1 Bg4 10. Re1 Bxf3 11. gxf3 Nh5 12. Be3 Rfd8 13. Rad1 b6 14.
Rd3 Rd6 15. Red1 Rad8 16. c4 f6 17. c5 Rxd3 18. Rxd3 Rxd3 19. cxd3 Kf7 20. cxb6
cxb6 21. Kf1 Ke6 22. Ke2 c5 23. Kd2 g5 24. b3 Ng7 25. Kc3 Kd6 26. Kc4 a6 27. a4
Ne6 28. Kc3 Nd8 29. Kc4 Nc6 30. h3 Nd8 31. b4 Ne6 32. bxc5+ bxc5 33. Kc3 Kc6
34. Kc4 Kd6 35. Kb3 Nf8 36. Kc4 Nd7 37. Bd2 Nb6+ 38. Kb3 Nd7 39. Ba5 Kc6 40.
Kc4 Kd6 41. Bd8 Ke6 42. a5 Kd6 43. Kb3 Kc6 44. Kc4 h6 45. Be7 h5 46. Bd8 Kd6
47. Kb3 Ke6 48. Kc4 Kd6 49. Kc3 Ke6 50. Kc4 Kd6 1/2-1/2

[Event "OPEN B"]
[Site "?"]
[Date "2008.08.23"]
[Round "1.6"]
[White "Blumel, M."]
[Black "Kotka, T."]
[Result "1-0"]
[WhiteElo "1675"]
[BlackElo "1400"]
[PlyCount "55"]
[EventDate "2008.08.23"]
[SourceDate "2008.08.23"]

1. e4 e5 2. Nf3 Nc6 3. Bc4 Bc5 4. O-O Nf6 5. d4 exd4 6. e5 Ng4 7. Bxf7+ Kf8 8.
Bg5 Be7 9. Bxe7+ Qxe7 10. Bb3 Ngxe5 11. Nxd4 d6 12. f4 Ng4 13. Re1 Qh4 14. Nf3
Qf6 15. h3 Nh6 16. Nc3 Nf5 17. Nd5 Qg6 18. Nxc7 Rb8 19. Re8+ Qxe8 20. Nxe8 Kxe8
21. g4 Nfe7 22. Qxd6 h5 23. Ne5 Rh6 24. Qc7 Be6 25. Nxc6 Nxc6 26. Re1 Kf8 27.
Rxe6 Rxe6 28. Bxe6 1-0

[Event "OPEN B"]
[Site "?"]
[Date "2008.08.23"]
[Round "1.7"]
[White "Nguyenova, A."]
[Black "Klima, L."]
[Result "0-1"]
[WhiteElo "1366"]
[BlackElo "1667"]
[PlyCount "52"]
[EventDate "2008.08.23"]
[SourceDate "2008.08.23"]

1. Nf3 Nf6 2. g3 e6 3. Bg2 d5 4. c4 c6 5. b3 Nbd7 6. d4 Bb4+ 7. Bd2 Bd6 8. O-O
O-O 9. Bc3 Ne4 10. Bb2 f5 11. e3 b6 12. Nbd2 Ba6 13. Rc1 Rc8 14. Re1 Qe7 15.
Rc2 Ndf6 16. Nxe4 Nxe4 17. Qa1 g5 18. Bf1 g4 19. Nh4 Bb4 20. Rd1 Qg5 21. a3 Be7
22. b4 Qh6 23. Ng2 Ng5 24. Ne1 Qf6 25. f3 gxf3 26. Rdd2 Ne4 0-1

[Event "OPEN B"]
[Site "?"]
[Date "2008.08.23"]
[Round "1.8"]
[White "Mates, M."]
[Black "Hatasova, M."]
[Result "1-0"]
[WhiteElo "1661"]
[BlackElo "1347"]
[PlyCount "115"]
[EventDate "2008.08.23"]
[SourceDate "2008.08.23"]

1. e4 e5 2. Nf3 Nc6 3. Bb5 d6 4. O-O Nf6 5. Re1 Be7 6. Nc3 O-O 7. Bxc6 bxc6 8.
d3 Rb8 9. b3 Bg4 10. Be3 d5 11. exd5 cxd5 12. Bd2 Bd6 13. h3 d4 14. Ne4 Bh5 15.
Ng3 Bg6 16. Bg5 Re8 17. Bxf6 Qxf6 18. Ne4 Bxe4 19. Rxe4 Bb4 20. Qe2 Rb5 21.
Nxd4 Bc3 22. Rf1 Bxd4 23. Rxd4 h6 24. Rc4 Ra5 25. a4 c6 26. Qe4 Re6 27. Qe1 Rd5
28. Rb4 Rd8 29. Re4 Rd4 30. f3 Kh8 31. Qg3 Qf5 32. Rxd4 exd4 33. Qg4 Qe5 34.
Qh4 f6 35. Qf2 c5 36. f4 Qe2 37. Qxe2 Rxe2 38. Rf2 Re1+ 39. Kh2 Kg8 40. g3 Kf7
41. f5 Ke7 42. Kg2 Kd6 43. Kf3 Re3+ 44. Kf4 Kd5 45. h4 Kc6 46. g4 Kb6 47. g5 h5
48. gxf6 gxf6 49. Rg2 Rh3 50. Rg6 Rxh4+ 51. Kg3 Rg4+ 52. Kf3 Ka5 53. Rxf6 Kb4
54. Rg6 Kc3 55. Rxg4 hxg4+ 56. Kxg4 Kxc2 57. f6 Kxb3 58. f7 1-0

[Event "OPEN B"]
[Site "?"]
[Date "2008.08.23"]
[Round "1.9"]
[White "Pycha, P."]
[Black "Fiala, J."]
[Result "0-1"]
[WhiteElo "1312"]
[BlackElo "1658"]
[PlyCount "73"]
[EventDate "2008.08.23"]
[SourceDate "2008.08.23"]

1. e4 c6 2. d4 d5 3. exd5 cxd5 4. Nf3 Nc6 5. Nc3 Bg4 6. Be3 a6 7. Be2 e6 8. a3
b5 9. h3 Bh5 10. O-O Bd6 11. Nd2 Bg6 12. Bh5 Nge7 13. Bxg6 hxg6 14. Qf3 Nf5 15.
Nb3 Bc7 16. Rad1 Rh4 17. Rd2 Na5 18. Nxa5 Bxa5 19. b4 Bc7 20. Ne2 Nd6 21. Bf4
Ne4 22. Rdd1 Bxf4 23. Nxf4 Qf6 24. g3 Rxh3 25. Kg2 Rh8 26. Qe3 Kd7 27. Rh1 Rhc8
28. Qc1 Rc4 29. Qb2 Rac8 30. Rc1 Qxd4 31. Qxd4 Rxd4 32. Nd3 Ke7 33. Ne5 Rd2 34.
Rh7 Rxf2+ 35. Kg1 Rc3 36. Rxg7 Rxg3+ 37. Kh1 0-1

[Event "Open B"]
[Site "?"]
[Date "2008.08.23"]
[Round "1.10"]
[White "Rut"]
[Black "Kocir"]
[Result "1-0"]
[WhiteElo "1649"]
[BlackElo "1275"]
[PlyCount "35"]
[EventDate "2008.??.??"]

1. e4 e5 2. f4 d5 3. Nf3 Nc6 4. exd5 Qxd5 5. Nc3 Qd8 6. fxe5 Bd7 7. d4 Bg4 8.
Bb5 a6 9. Ba4 b5 10. Bb3 Bb4 11. O-O Bxc3 12. bxc3 a5 13. Bxf7+ Kd7 14. d5 Nb8
15. Qd3 Ne7 16. Qxb5+ c6 17. dxc6+ Nbxc6 18. Rd1+ 1-0

[Event "OPEN B"]
[Site "?"]
[Date "2008.08.23"]
[Round "1.11"]
[White "Filip, L."]
[Black "Rihova, K."]
[Result "0-1"]
[WhiteElo "1250"]
[BlackElo "1649"]
[PlyCount "58"]
[EventDate "2008.08.23"]
[SourceDate "2008.08.23"]

1. e4 c5 2. Nc3 Nc6 3. Nf3 Nf6 4. Bc4 e6 5. d3 d5 6. exd5 exd5 7. Bb3 Bg4 8.
Bg5 d4 9. Nd5 Be7 10. Nxf6+ Bxf6 11. Bxf6 Qxf6 12. O-O O-O 13. h3 Bh5 14. Bd5
Rfe8 15. Qd2 Rad8 16. Be4 h6 17. c4 b6 18. b3 Ne5 19. Qd1 Rd6 20. Kh1 Qf4 21.
Qd2 Qf6 22. Qd1 Kf8 23. Re1 Rde6 24. g4 Nxf3 25. Re2 Bxg4 26. Bxf3 Bxf3+ 27.
Kg1 Qg5+ 28. Kf1 Bxe2+ 29. Qxe2 Rxe2 0-1

[Event "Open Øíèany 2008 B"]
[Site "?"]
[Date "2008.08.23"]
[Round "1.12"]
[White "Psenicka"]
[Black "Fojtu, J."]
[Result "1-0"]
[WhiteElo "1641"]
[BlackElo "1250"]
[PlyCount "41"]
[EventDate "2008.08.22"]
[SourceDate "2008.08.23"]

1. d4 d5 2. Nf3 Nc6 3. h3 h6 4. e3 e6 5. a3 a6 6. c4 dxc4 7. Bxc4 Be7 8. Nc3
Nf6 9. O-O O-O 10. e4 b5 11. Ba2 Bb7 12. e5 Nd5 13. Nxd5 exd5 14. b4 Qd7 15.
Bb2 f6 16. Qd3 fxe5 17. Nxe5 Nxe5 18. dxe5 Kh8 19. Bb1 Kg8 20. Qh7+ Kf7 21.
Qg6+ 1-0

[Event "OPEN B"]
[Site "?"]
[Date "2008.08.23"]
[Round "1.13"]
[White "Franek, J."]
[Black "Silhavy, J."]
[Result "1-0"]
[WhiteElo "1250"]
[BlackElo "1633"]
[PlyCount "41"]
[EventDate "2008.08.23"]
[SourceDate "2008.08.23"]

1. e4 c5 2. Nf3 Nc6 3. d4 cxd4 4. Nxd4 e6 5. Nc3 a6 6. a4 Qc7 7. Nxc6 bxc6 8.
Bd3 a5 9. O-O Ba6 10. b3 g6 11. Bb2 e5 12. Ne2 d6 13. f4 f6 14. Rb1 Bg7 15. Ba3
c5 16. Qd2 Ne7 17. Rbd1 Bxd3 18. Qxd3 Nc8 19. Qb5+ Ke7 20. Nc3 Nb6 21. Qxb6 1-0

[Event "OPEN B"]
[Site "?"]
[Date "2008.08.23"]
[Round "1.14"]
[White "Hrdina, R."]
[Black "Jirousek, F."]
[Result "1-0"]
[WhiteElo "1624"]
[BlackElo "1250"]
[PlyCount "35"]
[EventDate "2008.08.23"]
[SourceDate "2008.08.23"]

1. e4 e5 2. Nc3 Nf6 3. f4 exf4 4. e5 Ng8 5. Nf3 f6 6. exf6 Nxf6 7. Bc4 Nc6 8.
O-O d6 9. d4 g5 10. Nxg5 Be7 11. Rxf4 d5 12. Nxd5 Nxd5 13. Qh5+ Kd7 14. Bxd5
Bxg5 15. Rf7+ Be7 16. Qf5+ Ke8 17. Qh5 a6 18. Rf8+ 1-0

[Event "?"]
[Site "?"]
[Date "2008.08.23"]
[Round "1.23"]
[White "Kozel"]
[Black "Fojtu"]
[Result "0-1"]
[WhiteElo "1250"]
[BlackElo "1603"]
[PlyCount "46"]
[EventDate "2008.??.??"]

1. e4 e6 2. Nf3 d5 3. exd5 exd5 4. d4 Nf6 5. Nc3 c6 6. Bg5 Be7 7. Qe2 O-O 8.
O-O-O Re8 9. Re1 Bd7 10. g3 Na6 11. Bg2 b5 12. a4 Nc7 13. axb5 cxb5 14. Qe3 b4
15. Nd1 Rc8 16. h3 a5 17. Qd2 Nb5 18. Ne5 Be6 19. Qd3 Qc7 20. Ne3 Qb7 21. Rd1
a4 22. c4 bxc3 23. Qe2 cxb2+ 0-1

[Event "OPEN B"]
[Site "?"]
[Date "2008.08.23"]
[Round "1.17"]
[White "Rathousky, J."]
[Black "Vorisek, M."]
[Result "0-1"]
[WhiteElo "1250"]
[BlackElo "1587"]
[PlyCount "70"]
[EventDate "2008.08.23"]
[SourceDate "2008.08.23"]

1. e4 c6 2. Nf3 d5 3. Nc3 Bg4 4. Be2 e6 5. d3 Nf6 6. Bg5 Be7 7. h3 Bh5 8. Ne5
Bxe2 9. Qxe2 O-O 10. Ng4 Nxe4 11. Bxe7 Nxc3 12. Nh6+ Kh8 13. Bxd8 Nxe2 14. Kxe2
gxh6 15. Bf6+ Kg8 16. h4 Nd7 17. Bd4 e5 18. Be3 h5 19. Rh3 f5 20. Bg5 Kf7 21.
Rf3 Ke6 22. Re1 Rg8 23. Kf1 Rg6 24. b3 Rag8 25. g3 Rf8 26. c4 Nf6 27. c5 Ng4
28. Kg2 d4 29. b4 h6 30. Bc1 Kd5 31. Bb2 Rff6 32. Kg1 f4 33. Kg2 fxg3 34. fxg3
Rxf3 35. Kxf3 Rf6+ 0-1

[Event "OPEN B"]
[Site "?"]
[Date "2008.08.23"]
[Round "1.18"]
[White "Lorenc, D."]
[Black "Rut, V."]
[Result "1-0"]
[WhiteElo "1513"]
[BlackElo "1250"]
[PlyCount "89"]
[EventDate "2008.08.23"]
[SourceDate "2008.08.23"]

1. e4 e5 2. Nf3 Nc6 3. Bc4 Nf6 4. d4 exd4 5. e5 d5 6. Bb5 Ne4 7. Nxd4 Bd7 8.
Bxc6 Bxc6 9. Nxc6 bxc6 10. O-O Bc5 11. Qg4 g6 12. Nd2 Nxd2 13. Bxd2 Qd7 14. Qf3
Bd4 15. Qf6 Rg8 16. c3 Bb6 17. Rfe1 Qe6 18. Qxe6+ fxe6 19. Be3 Bxe3 20. Rxe3
Rf8 21. g3 Kd7 22. b3 c5 23. Rd1 Rab8 24. Kg2 Ke7 25. Rf3 Rxf3 26. Kxf3 c6 27.
Ke3 c4 28. b4 Rb5 29. a4 Rb8 30. Kd4 Ra8 31. a5 a6 32. Kc5 Rb8 33. Re1 Kd7 34.
Re3 Rb5+ 35. Kd4 c5+ 36. bxc5 Rxa5 37. Rf3 Kc6 38. Rf6 Kd7 39. Rf7+ Kc6 40. Re7
Rxc5 41. Rxe6+ Kb5 42. Rxa6 Rc6 43. Rxc6 Kxc6 44. g4 g5 45. h3 1-0